Седиментогенез нефтеносного горизонта Ю2 и его значение при поисках и разведке залежей углеводородов; Известия Томского политехнического университета [Известия ТПУ]; Т. 316, № 1: Науки о Земле
| Parent link: | Известия Томского политехнического университета [Известия ТПУ]/ Томский политехнический университет (ТПУ).— , 2000- Т. 316, № 1: Науки о Земле.— 2010.— [С. 61-66] |
|---|---|
| 1. autor: | |
| Kolejni autorzy: | |
| Streszczenie: | Заглавие с титульного листа Электронная версия печатной публикации На основе комплексного седиментологического изучения нефтеносного горизонта Ю2 средне-верхнебатского возраста в центральных районах Западно-Сибирского бассейна установлено, что его сложное строение определяется многообразием обстановок формирования. Нижняя часть горизонта повсеместно представлена континентальными отложениями, которые вверх по разрезу сменяются дельтовыми или прибрежно-континентальными и далее прибрежно-морскими. В зависимости от палеогипсометрического положения разреза меняется доля континентальных, переходных и морских литофаций. Проведен анализ зависимости фильтрационно-емкостных свойств отложений от обстановок их накопления, дан прогноз распространения пород-коллекторов по вертикали и латерали. |
| Język: | rosyjski |
| Wydane: |
2010
|
| Seria: | Геология нефти и газа |
| Hasła przedmiotowe: | |
| Dostęp online: | http://www.lib.tpu.ru/fulltext/v/Bulletin_TPU/2010/v316/i1/11.pdf |
| Format: | Elektroniczne Rozdział |
| KOHA link: | https://koha.lib.tpu.ru/cgi-bin/koha/opac-detail.pl?biblionumber=180035 |
MARC
| LEADER | 00000nla2a2200000 4500 | ||
|---|---|---|---|
| 001 | 180035 | ||
| 005 | 20231031170632.0 | ||
| 035 | |a (RuTPU)RU\TPU\book\195170 | ||
| 035 | |a RU\TPU\book\195162 | ||
| 090 | |a 180035 | ||
| 100 | |a 20100506d2010 k y0rusy50 ca | ||
| 101 | 0 | |a rus | |
| 102 | |a RU | ||
| 135 | |a drnn ---uucaa | ||
| 181 | 0 | |a i | |
| 182 | 0 | |a b | |
| 200 | 1 | |a Седиментогенез нефтеносного горизонта Ю2 и его значение при поисках и разведке залежей углеводородов |b Электронный ресурс |f Л. Г. Вакуленко, П. А. Ян | |
| 203 | |a Текст |c электронный | ||
| 215 | |a 1 файл (683 Кб) | ||
| 225 | 1 | |a Геология нефти и газа | |
| 230 | |a Электронные текстовые данные (1 файл : 683 Кб) | ||
| 300 | |a Заглавие с титульного листа | ||
| 300 | |a Электронная версия печатной публикации | ||
| 320 | |a [Библиогр.: с. 66 (12 назв.)] | ||
| 330 | |a На основе комплексного седиментологического изучения нефтеносного горизонта Ю2 средне-верхнебатского возраста в центральных районах Западно-Сибирского бассейна установлено, что его сложное строение определяется многообразием обстановок формирования. Нижняя часть горизонта повсеместно представлена континентальными отложениями, которые вверх по разрезу сменяются дельтовыми или прибрежно-континентальными и далее прибрежно-морскими. В зависимости от палеогипсометрического положения разреза меняется доля континентальных, переходных и морских литофаций. Проведен анализ зависимости фильтрационно-емкостных свойств отложений от обстановок их накопления, дан прогноз распространения пород-коллекторов по вертикали и латерали. | ||
| 337 | |a Adobe Reader | ||
| 461 | 1 | |0 (RuTPU)RU\TPU\book\176237 |t Известия Томского политехнического университета [Известия ТПУ] |f Томский политехнический университет (ТПУ) |d 2000- | |
| 463 | 1 | |0 (RuTPU)RU\TPU\book\194437 |x 1684-8519 |t Т. 316, № 1: Науки о Земле |v [С. 61-66] |d 2010 |p 184 с. | |
| 610 | 1 | |a Широтное Приобье | |
| 610 | 1 | |a нефтегазоносные горизонты | |
| 610 | 1 | |a седиментогенез | |
| 610 | 1 | |a обстановки осадконакопления | |
| 610 | 1 | |a породы-коллекторы | |
| 610 | 1 | |a электронный ресурс | |
| 610 | 1 | |a углеводороды | |
| 610 | 1 | |a Западно-Сибирский бассейн | |
| 610 | 1 | |a континентальные отложения | |
| 610 | 1 | |a дельтовые отложения | |
| 610 | 1 | |a прибрежно-морские отложения | |
| 610 | 1 | |a прибрежно-континентальные отложения | |
| 610 | 1 | |a фильтрационно-емкостные свойства | |
| 700 | 1 | |a Вакуленко |b Л. Г. | |
| 701 | 1 | |a Ян |b П. А. | |
| 801 | 1 | |a RU |b 63413507 |c 20090623 |g PSBO | |
| 801 | 2 | |a RU |b 63413507 |c 20210301 |g PSBO | |
| 856 | 4 | |u http://www.lib.tpu.ru/fulltext/v/Bulletin_TPU/2010/v316/i1/11.pdf | |
| 942 | |c CF | ||